Súbor platných daňových predpisov k 1. januáru 1998

Salvato in:
Dettagli Bibliografici
Autore principale: Borodovčák, Michal
Natura: Libro
Lingua:slovacco
Pubblicazione: Bratislava IURA EDITION 1998
Soggetti:
Tags: Aggiungi Tag
Nessun Tag, puoi essere il primo ad aggiungerne!!

MARC

LEADER 00000nam a2200000 4500
001 c102527
005 20221123133511.0
020 |a 80-88715-40-7 
041 0 |a slo 
044 |a SK 
245 1 0 |a Súbor platných daňových predpisov  |b k 1. januáru 1998  |c Zostavil: Michal Borodovčák 
264 1 |a Bratislava  |b IURA EDITION  |c 1998 
300 |a 508 s. 
610 2 0 |a firmy 
610 2 0 |a podnik 
610 2 0 |a hospodárenie podnikové 
610 2 0 |a aktivita hospodárska 
610 2 0 |a podnikanie 
610 2 0 |a odvetvia činnosti ekonomickej 
610 2 0 |a banky 
610 2 0 |a poisťovníctvo 
610 2 0 |a plán podnikateľský 
610 2 0 |a marketing 
610 2 0 |a manažment 
610 2 0 |a formy podnikov 
610 2 0 |a majetok podnikový 
610 2 0 |a štruktúra organizačná 
610 2 0 |a výsledok hospodársky 
610 2 0 |a analýza finančná 
610 2 0 |a manažment krízový 
610 2 0 |a konsolidácia 
610 2 0 |a revitalizácia 
610 2 0 |a fúzie 
610 2 0 |a konkurzy 
610 2 0 |a likvidácia podniku 
100 1 |a Borodovčák, Michal